| 000 | 05036nam a22004697a 4500 | ||
|---|---|---|---|
| 005 | 20080922101333.0 | ||
| 008 | 080922t xxu||||| |||| 00| 0 eng d | ||
| 010 | _aB-349106-127 | ||
| 020 |
_c240.00 _a978-81-7812-666-1 |
||
| 035 | _aB-349106-127 | ||
| 037 | _bRamesh Pub. House | ||
| 040 |
_adpl _bEnglish |
||
| 082 | _a000 | ||
| 245 | _aR. Gupta's popular master guide FCI Food Corporation of India recruitment exam Management Trainee/Asst. Grade-III/Jr. Engineer (Civil/Elect.)/Driver compulsory paper for all posts | ||
| 260 |
_aNew Delhi _bRamesh Publishing House _c2010 |
||
| 270 |
_a12-H, New Darya Ganj Road, Opp. Traffic Kotwali _bNew Delhi _e110002 _k23261567, 23275224 _l011-23275124 _minfo@rameshpublishinghouse.com |
||
| 300 |
_aVarious pagings _c25cm (pbk) |
||
| 942 |
_2ddc _cEN _mRGU _h000 |
||
| 999 |
_c24058 _d24058 |
||